| 000 | 00674nam a2200217Ia 4500 | ||
|---|---|---|---|
| 003 | GCL | ||
| 008 | 140319s9999 xx 000 0 ara d | ||
| 040 |
_aGCL / _cGCL |
||
| 082 | 0 | 4 |
_a745.6191 _bم ق |
| 100 | 1 | _aمنير الشعرانى | |
| 245 | 1 | 0 |
_aالقلب والقالب: قراءة بيكار \ عبدلكى / _cمنير الشعرانى |
| 300 | _a63 ص | ||
| 490 |
_aالهيئة العامة للاستعلامات _v0 |
||
| 650 | 0 | 4 | _aالكتابة |
| 650 | 0 | 4 | _aالخط العربى |
| 650 | 0 | 4 | _aالكتابة العربية |
| 650 | 0 | 4 | _aالنقوش العربية |
| 650 | 0 | 4 | _aالخط |
| 650 | 0 | 4 | _aدراسة الخطوط |
| 942 |
_2ddc _cBK |
||
| 999 |
_c50702 _d50702 |
||